| 000 | 01542nam2a22003011 4500 | ||
|---|---|---|---|
| 001 | v19\rc\1703527 | ||
| 005 | 20260406093619.0 | ||
| 035 | _a(NLR Aleph) 005245467 | ||
| 090 |
_a5749065 _c5749065 |
||
| 100 | _a20061002d1900 |||y0rusy50 ca | ||
| 101 | 1 |
_arus _cfre |
|
| 102 | _aRU | ||
| 105 | _aab z ||||| | ||
| 200 | 1 |
_aПодземные силы _fПолный пер. с послед. фр. изд. под ред. и с примеч. Д.А. Коропчевского _gС доп. Э.Ф. Лесгафта |
|
| 210 |
_d1900 _aБ. м. |
||
| 215 | _a[6], 234 с., 61 ил., 3 л. карт. | ||
| 461 | 0 |
_1001v19\rc\1703524 _12001#$a... Земля$eОписание жизни земного шара$fЭлизе Реклю$vВып. 3 _94867501 _aРеклю, Ж.Ж.Э. (1830-1905) _cСанкт-Петербург _d1898-1901 _e[2-е изд.] Вып. 1-6 _fЭлизе Реклю _nО.Н. Попова _oОписание жизни земного шара _p6 т. _tЗемля _vВып. 3 |
|
| 702 | 1 |
_4340 _4212 _8rus _7ca _aКоропчевский _bД. А. _f1842-1903 _gДмитрий Андреевич _3RU\NLR\AUTH\7766642 _949570 |
|
| 702 | 1 |
_4570 _8rus _7ca _aЛесгафт _bЭ. Ф. _f1870-1922 _gЭмилий Францевич _3RU\NLR\AUTH\7776640 _959568 |
|
| 801 | 2 |
_aRU _bNLR _c20090504 _2rusmarc |
|
| 801 | 0 |
_aRU _bNLR _c20061002 _gpsbo |
|
| 801 | 0 |
_aRU _bRuMoRGB _c20061002 _2psbo |
|
| 801 | 1 |
_aRU _bProSoft-M _c20061002 _2rusmarc |
|
| 852 |
_aNLR _j133/5055(4) |
||
| 852 |
_aNLR _j20.109.1.10(1-2) |
||
| 852 |
_aNLR _j133/5055 |
||
| 942 | _cBOOK | ||
| 980 | _aNB | ||